[Event "European Rapid 2021"]
[Site "Katowice POL"]
[Date "2021.12.18"]
[Round "3.53"]
[White "Mikhaletz, Lubomir"]
[Black "Owoc, Jakub"]
[Result "1-0"]
[WhiteTitle "GM"]
[WhiteElo "2329"]
[BlackElo "1701"]
[WhiteFideId "14102340"]
[BlackFideId "21833206"]
[EventDate "2021.12.18"]

1. e4 c6 2. d4 d5 3. e5 c5 4. c4 cxd4 5. Qxd4 e6 6. cxd5 Nc6 7. Bb5 Qxd5 8. Qxd5
exd5 9. Nc3 Be6 10. Nf3 Bb4 11. Bd2 a6 12. Ba4 Ne7 13. O-O O-O 14. h3 h6 15.
Rfe1 Rfd8 16. Bxc6 bxc6 17. Na4 Bxd2 18. Nxd2 d4 19. Nc5 Rd5 20. Rac1 Ng6 21.
Nxe6 fxe6 22. Rxc6 Nxe5 23. Rxe6 Nd3 24. Re8+ Rxe8 25. Rxe8+ Kf7 26. Rb8 Re5 27.
Rb7+ Kg8 28. Rb8+ Kf7 29. Nf3 Re2 30. Rb3 Nxb2 31. Nxd4 Rd2 32. Rb7+ Kg8 33. Nf5
Nd3 34. Rxg7+ Kf8 35. Rg6 Rxa2 36. Rxh6 Nxf2 37. Rf6+ Ke8 38. Ng7+ 1-0

[Event "European Rapid 2021"]
[Site "Katowice POL"]
[Date "2021.12.18"]
[Round "3.60"]
[White "Bernadskiy, Vitaliy"]
[Black "Musial, Tomasz"]
[Result "1/2-1/2"]
[WhiteTitle "GM"]
[WhiteElo "2599"]
[BlackElo "2111"]
[WhiteFideId "14100371"]
[BlackFideId "1199560"]
[EventDate "2021.12.18"]

1. e4 e6 2. d4 d5 3. Nc3 Nf6 4. e5 Nfd7 5. f4 c5 6. Nf3 Nc6 7. Be3 a6 8. a3 cxd4
9. Nxd4 Bc5 10. Qd2 O-O 11. O-O-O Nxd4 12. Bxd4 b5 13. Bxc5 Nxc5 14. Qd4 Qc7 15.
Kb1 Bd7 16. f5 Rfc8 17. Bd3 Nxd3 18. cxd3 exf5 19. Nxd5 Qc2+ 20. Ka1 Qc5 21.
Qxc5 Rxc5 22. Nb6 Rd8 23. d4 Rc6 24. Nxd7 Rxd7 25. d5 Rc5 26. e6 fxe6 27. dxe6
Rxd1+ 28. Rxd1 Kf8 29. Rd8+ Ke7 30. Rd7+ Kxe6 31. Rxg7 Rc2 32. h4 a5 33. h5 b4
34. axb4 axb4 35. Ka2 Kf6 36. h6 f4 37. Kb3 Rf2 38. Rg8 Kf7 39. Rg4 Kf6 40. Rg7
Re2 41. Rg8 Kf7 42. Rg4 Rf2 43. g3 fxg3 44. Rxg3 Rh2 45. Rg7+ Kf6 46. Rxh7 Kg6
47. Rb7 Kxh6 48. Rxb4 Kg5 49. Ka3 Kf6 50. Rd4 Ke5 51. Rd1 Rh8 52. b4 Rb8 53. Ka4
Ra8+ 54. Kb3 Rb8 55. Rd7 Ke6 56. Rd4 Ke5 57. Rd2 Ke6 58. Rc2 Kd6 59. Rc5 Rh8 60.
Ka4 Ra8+ 61. Kb5 Rb8+ 62. Kc4 Rh8 63. Kb3 Rg8 64. Rc4 Rb8 65. Ka4 Kd5 66. Rc5+
Kd6 67. Rc4 Kd5 68. Kb3 Kd6 69. Rc5 Rh8 70. Rc4 Rb8 71. Kc3 Kd5 72. Rc5+ Kd6 73.
Kc4 Rh8 74. Kd4 Rh4+ 75. Kc3 Rh8 76. Kb3 Rb8 77. Ka4 Ra8+ 78. Ra5 Rb8 79. Ra6+
Kc7 80. Ka5 Rh8 81. Rg6 Kb7 82. Rg7+ Kb8 83. b5 Rh6 84. Rd7 Rg6 85. Kb4 Kc8 86.
Rd5 Kb7 87. Kc5 Rh6 88. Rg5 Rf6 89. Kb4 Rh6 90. Ka5 Rf6 91. b6 Rf1 92. Rg7+ Kb8 1/2-1/2

[Event "European Rapid 2021"]
[Site "Katowice POL"]
[Date "2021.12.18"]
[Round "4.1"]
[White "Kozak, Antoni"]
[Black "Motylev, Alexander"]
[Result "0-1"]
[BlackTitle "GM"]
[WhiteElo "2356"]
[BlackElo "2633"]
[WhiteFideId "21832030"]
[BlackFideId "4121830"]
[EventDate "2021.12.18"]

1. d4 Nf6 2. Nf3 d5 3. Bf4 c5 4. e3 Nc6 5. Nbd2 e6 6. c3 Nh5 7. Bg5 f6 8. Bh4 g6
9. Bd3 cxd4 10. cxd4 Be7 11. O-O O-O 12. Rc1 Bd7 13. a3 Rc8 14. Nb3 b6 15. Be2
Bd6 16. Nfd2 Ng7 17. Bg3 Bxg3 18. hxg3 Rc7 19. Rc3 Ne7 20. Rxc7 Qxc7 21. Qb1 Qb7
22. Rc1 Rc8 23. Nf3 Kf7 24. Nbd2 Rxc1+ 25. Qxc1 Qc8 26. Qxc8 Nxc8 27. Kf1 Nd6
28. Bd3 h5 29. Ke2 g5 30. Nb1 g4 31. Nh4 f5 32. Nc3 Kf6 33. b3 Nge8 34. Kd2 Nc7
35. Ne2 Ncb5 36. a4 Nc7 37. Nf4 Be8 38. f3 a5 39. Kc3 Bf7 40. Be2 Nce8 41. Nd3
Nc7 42. Nf4 Nc8 43. b4 axb4+ 44. Kxb4 Na7 45. Bd3 Nc6+ 46. Kc3 Be8 47. Kb3 Ne7
48. Be2 Bd7 49. Nxh5+ Kg5 50. Nf4 Be8 51. Nd3 Nc6 52. Nf2 Na5+ 53. Kb4 Nc6+ 54.
Kb3 Bh5 55. Kc3 Nb8 56. Nd3 Nd7 57. Kb4 Be8 58. Nf2 Nf6 59. Nd3 Nh5 60. f4+ Kh6
61. Ne5 Nxg3 62. Bb5 Nxb5 63. axb5 Kh5 64. Nhg6 Bxg6 65. Nd7 Nf1 66. Nxb6 Be8
67. Na8 Bxb5 68. Kxb5 Nxe3 69. g3 Nf1 70. Nc7 Nxg3 71. Nxe6 Ne4 72. Nc5 g3 0-1

[Event "European Rapid 2021"]
[Site "Katowice POL"]
[Date "2021.12.18"]
[Round "4.2"]
[White "Demchenko, Anton"]
[Black "Keinanen, Toivo"]
[Result "0-1"]
[WhiteTitle "GM"]
[BlackTitle "IM"]
[WhiteElo "2654"]
[BlackElo "2468"]
[WhiteFideId "4160258"]
[BlackFideId "509825"]
[EventDate "2021.12.18"]

1. e4 e6 2. d4 d5 3. Nc3 Nf6 4. Bg5 dxe4 5. Nxe4 Nbd7 6. Nf3 Be7 7. Nxf6+ Bxf6
8. h4 c5 9. Qd2 cxd4 10. Nxd4 O-O 11. O-O-O h6 12. Bxf6 Nxf6 13. f3 e5 14. Nb5
Qxd2+ 15. Rxd2 Bd7 16. Nd6 Bc6 17. Bc4 e4 18. Re1 exf3 19. gxf3 Rad8 20. Re7 Rd7
21. Rxd7 Nxd7 22. Re2 Nb6 23. Bb3 Bxf3 24. Re7 Bd5 25. c4 Nc8 26. Re5 Bc6 27.
Nf5 Re8 28. Rxe8+ Bxe8 29. c5 b6 30. cxb6 Nxb6 31. Nd6 Kf8 32. Kd2 f6 33. Ke3
Bd7 34. Ne4 Ke7 35. Nc5 g5 36. a4 gxh4 37. a5 Nc8 38. Nxd7 Kxd7 39. Kf4 Kc6 40.
Kg4 Kb5 41. Kxh4 Nd6 42. Kh5 f5 43. Kxh6 f4 44. Bd5 Kc5 45. Bg2 Kd4 46. Kg5 Ke3
47. Kf6 Nc4 48. b4 Kd4 49. Kg5 Ke5 50. Kg4 Ne3+ 51. Kf3 Nc2 52. b5 Nd4+ 53. Kg4
Nxb5 54. Kg5 Nd6 55. Kg6 Nf5 56. Kf7 Nd4 57. Ke7 Nb3 58. a6 Nc5 59. Bf1 f3 60.
Bb5 f2 61. Bf1 Kd5 62. Be2 Kc6 63. Kf6 Ne4+ 64. Ke5 Ng3 65. Bd3 Kb6 0-1

[Event "European Rapid 2021"]
[Site "Katowice POL"]
[Date "2021.12.18"]
[Round "4.3"]
[White "Balog, Imre"]
[Black "Szpar, Milosz"]
[Result "1-0"]
[WhiteTitle "GM"]
[BlackTitle "FM"]
[WhiteElo "2577"]
[BlackElo "2434"]
[WhiteFideId "728446"]
[BlackFideId "1184989"]
[EventDate "2021.12.18"]

1. d4 Nf6 2. Bg5 d5 3. Nf3 c5 4. e3 Qb6 5. dxc5 Qxb2 6. Nbd2 Nc6 7. Rb1 Qc3 8.
Bb5 Ne4 9. O-O Nxg5 10. Nxg5 e6 11. e4 d4 12. Nc4 d3 13. cxd3 Bxc5 14. Bxc6+
bxc6 15. Nxf7 O-O 16. Nfe5 Ba6 17. Rc1 Qd4 18. Nxc6 Qd7 19. Qa4 Bb7 20. N4a5 Bb6
21. Nxb7 Qxb7 22. d4 Rf4 23. f3 Qd7 24. g3 Rf6 25. Kg2 Kh8 26. Qc4 Rh6 27. Ne5
Qe7 28. Qc8+ Qf8 29. Nf7+ 1-0

[Event "European Rapid 2021"]
[Site "Katowice POL"]
[Date "2021.12.18"]
[Round "4.5"]
[White "Fridman, Daniel"]
[Black "Fus, Jakub"]
[Result "1-0"]
[WhiteTitle "GM"]
[BlackTitle "FM"]
[WhiteElo "2626"]
[BlackElo "2384"]
[WhiteFideId "11600454"]
[BlackFideId "1193023"]
[EventDate "2021.12.18"]

1. d4 Nf6 2. c4 e6 3. Nc3 d5 4. cxd5 exd5 5. Bg5 c6 6. e3 h6 7. Bh4 Be7 8. Bd3
O-O 9. h3 Re8 10. Qc2 a5 11. Nge2 Na6 12. a3 Nc7 13. O-O Ne6 14. Bg3 Bd6 15.
Rad1 Ng5 16. Bxd6 Qxd6 17. Ng3 Bd7 18. Rfe1 Re7 19. h4 Ngh7 20. e4 dxe4 21.
Ncxe4 Nxe4 22. Nxe4 Qxd4 23. Bf1 Qe5 24. Nc5 Bf5 25. Rxe5 Bxc2 26. Rxe7 Bxd1 27.
Bc4 Bh5 28. Nxb7 Nf6 29. f3 Bg6 30. Rc7 Ra7 31. Rc8+ Kh7 32. Nc5 Nd5 33. Rxc6
Ne3 34. Ba6 Nf5 35. b4 axb4 36. axb4 Re7 37. Kf2 Nd4 38. Rd6 Nc2 39. b5 Re5 40.
b6 Nb4 41. b7 Re8 42. Nd7 1-0

[Event "European Rapid 2021"]
[Site "Katowice POL"]
[Date "2021.12.18"]
[Round "4.6"]
[White "Kalogeris, Ioannis"]
[Black "Pultinevicius, Paulius"]
[Result "1/2-1/2"]
[WhiteTitle "FM"]
[BlackTitle "GM"]
[WhiteElo "2368"]
[BlackElo "2546"]
[WhiteFideId "4239563"]
[BlackFideId "12809390"]
[EventDate "2021.12.18"]

1. e4 c6 2. d4 d5 3. e5 Bf5 4. Nf3 e6 5. Nbd2 Ne7 6. Nb3 Nd7 7. Be2 Ng6 8. O-O
f6 9. exf6 Qxf6 10. Bg5 Qf7 11. Nh4 Bd6 12. Nxf5 exf5 13. Bd2 O-O 14. f4 Nf6 15.
g3 Rfe8 16. Bf3 Ne4 17. Re1 Re6 18. Nc1 c5 19. dxc5 Bxc5+ 20. Be3 Bxe3+ 21. Rxe3
Rb6 22. Nb3 Rc8 23. Rb1 Nf8 24. Rd3 Rd6 25. Nd4 Rc5 26. c3 Nd7 27. Qf1 g6 28.
Rbd1 Ndf6 29. Nb3 Rc7 30. Rd4 Rcd7 31. Qb5 b6 32. a4 Qe6 33. Nc1 Kg7 34. Nd3 h5
35. Ne5 Rd8 36. Qa6 Qe7 37. a5 Nc5 38. Qb5 Qc7 39. axb6 Rxb6 40. Qe2 Rbd6 41.
Kg2 h4 42. Qb5 Rb6 43. Qe2 Rbd6 44. Rb4 Re8 45. Qf2 Nfe4 46. Qd4 Ne6 47. Qe3 Nf6
48. Ra1 a6 49. Qd3 Nc5 50. Qd4 Ne6 51. Qd3 Nc5 52. Qd4 Kh7 53. Nd3 Nfe4 54. Ne5
g5 55. Qd1 Kg8 56. Bxe4 dxe4 57. Rd4 Red8 58. Qh5 gxf4 59. gxf4 Ne6 60. Kh1 Rxd4
61. cxd4 Ng7 62. Qh6 e3 63. Qxa6 Rxd4 64. Re1 Rxf4 65. Qf6 Qb7+ 66. Kg1 Qc7 67.
Rd1 Rd4 68. Rxd4 Qc1+ 69. Kg2 Qxb2+ 70. Kh3 Qxd4 71. Qf7+ Kh7 72. Qg6+ Kg8 73.
Qf7+ Kh7 74. Qg6+ Kg8 1/2-1/2

[Event "European Rapid 2021"]
[Site "Katowice POL"]
[Date "2021.12.18"]
[Round "4.9"]
[White "Klekowski, Maciej"]
[Black "Cukrowski, Filip"]
[Result "1-0"]
[WhiteTitle "GM"]
[BlackTitle "FM"]
[WhiteElo "2479"]
[BlackElo "2367"]
[WhiteFideId "1132717"]
[BlackFideId "1171097"]
[EventDate "2021.12.18"]

1. c4 Nf6 2. Nc3 c5 3. Nf3 b6 4. g3 Bb7 5. Bg2 d6 6. O-O g6 7. Re1 Bg7 8. e4
Nbd7 9. d4 cxd4 10. Nxd4 Qc8 11. b3 O-O 12. h3 Nc5 13. g4 Nfd7 14. Be3 Ne5 15.
Nd5 Re8 16. Re2 e6 17. Nc3 a6 18. Rd2 Qc7 19. Rc1 Rad8 20. Nde2 f5 21. f4 Nf7
22. exf5 Bxg2 23. fxg6 hxg6 24. Kxg2 Qc6+ 25. Kh2 Qf3 26. Qg1 b5 27. b4 Ne4 28.
Nxe4 Qxe4 29. Ng3 Qc6 30. Qg2 Qxg2+ 31. Kxg2 bxc4 32. Rxc4 d5 33. Rc6 Rd6 34.
Rc7 Rb8 35. Bc5 Rdd8 36. Rc6 Bc3 37. Rf2 Re8 38. f5 gxf5 39. gxf5 e5 40. Rg6+
Kh7 41. Nh5 e4 42. Rf4 Rg8 43. Rfg4 Nh6 44. Rxg8 Rxg8 45. Rxg8 Kxg8 46. Ng3 Kg7
47. a4 Be5 48. Be3 Nf7 49. b5 axb5 50. a5 Nd8 51. a6 Nc6 52. Ne2 b4 53. Nd4 Bxd4
54. Bxd4+ Kf7 55. h4 b3 56. Bb2 d4 57. h5 Kg7 58. Kg3 e3 59. Kf3 Kh6 60. f6 Kh7
61. Ke2 Kh6 62. Kd3 Kh7 63. Bc1 Kh6 64. Bb2 Kh7 65. Ba3 Ne5+ 66. Ke2 d3+ 67.
Kxe3 Nc4+ 68. Kxd3 Nxa3 69. Kc3 1-0

[Event "European Rapid 2021"]
[Site "Katowice POL"]
[Date "2021.12.18"]
[Round "4.25"]
[White "Kovalenko, Igor"]
[Black "Zabron, Maksym"]
[Result "1-0"]
[WhiteTitle "GM"]
[WhiteElo "2668"]
[BlackElo "1888"]
[WhiteFideId "14117908"]
[BlackFideId "21819742"]
[EventDate "2021.12.18"]

1. e4 c5 2. Be2 e6 3. f4 Nc6 4. Nf3 g6 5. O-O Bg7 6. c3 Nge7 7. Na3 O-O 8. d3 d5
9. Qe1 b6 10. Bd2 Ba6 11. Rd1 Qc7 12. Kh1 Rad8 13. e5 b5 14. d4 cxd4 15. cxd4
Qb6 16. Nc2 Rb8 17. a3 Nf5 18. Bc3 Bb7 19. Bd3 a5 20. Bxf5 gxf5 21. Rg1 Kh8 22.
b4 a4 23. Rd3 Ne7 24. Ng5 Ng6 25. Ne3 h6 26. Nh3 Qd8 27. g4 Qh4 28. Qg3 fxg4 29.
Nxg4 Bc8 30. Be1 Qxg3 31. hxg3 Bd7 32. Rc3 Rbc8 33. Rc5 Rfd8 34. Nhf2 Bf8 35.
Nd3 Bxc5 36. bxc5 Kg7 37. Nf6 Bc6 38. Kg2 Rh8 39. Nh5+ Kh7 40. Kf3 Ne7 41. g4
Bb7 42. Ke3 Kg6 43. Bh4 Nc6 44. f5+ exf5 45. gxf5+ Kxh5 46. Bf6 Rhg8 47. Nf4# 1-0

[Event "European Rapid 2021"]
[Site "Katowice POL"]
[Date "2021.12.18"]
[Round "4.26"]
[White "Andersen, Mads"]
[Black "Semjonovs, Ilja"]
[Result "1-0"]
[WhiteTitle "GM"]
[BlackTitle "FM"]
[WhiteElo "2574"]
[BlackElo "2383"]
[WhiteFideId "1413864"]
[BlackFideId "11604263"]
[EventDate "2021.12.18"]

1. d4 Nf6 2. c4 c5 3. d5 b5 4. cxb5 a6 5. bxa6 g6 6. Nc3 Bg7 7. e4 O-O 8. Bc4
Qa5 9. a7 Nxe4 10. axb8=Q Rxb8 11. Ne2 Nxc3 12. bxc3 Bxc3+ 13. Bd2 Bxd2+ 14.
Qxd2 Qa4 15. Rc1 Rb4 16. Bb3 Qb5 17. O-O c4 18. Bc2 1-0

[Event "European Rapid 2021"]
[Site "Katowice POL"]
[Date "2021.12.18"]
[Round "4.45"]
[White "Danielyan, Vahe"]
[Black "Cichon, Jakub"]
[Result "1-0"]
[WhiteTitle "IM"]
[WhiteElo "2332"]
[BlackElo "1854"]
[WhiteFideId "13304828"]
[BlackFideId "21870063"]
[EventDate "2021.12.18"]

1. e4 e5 2. Nf3 Nc6 3. Bc4 Bc5 4. c3 Nf6 5. d4 exd4 6. b4 Bb6 7. e5 d5 8. Bb5
Ne4 9. Nxd4 Bd7 10. Bxc6 bxc6 11. O-O O-O 12. f3 Ng5 13. Nd2 a5 14. Nb3 axb4 15.
cxb4 Ne6 16. Be3 Qe7 17. Qe1 Nxd4 18. Bxd4 Bxd4+ 19. Nxd4 c5 20. bxc5 Qxc5 21.
Qf2 Ra4 22. Nb3 Qe7 23. Rfe1 Rfa8 24. Qc5 Qe6 25. Qxc7 Rc8 26. Qd6 Qxd6 27. exd6
Ra6 28. a4 Rxd6 29. a5 Ra8 30. Nc5 Bb5 31. a6 Rc6 32. Rec1 Bc4 33. Ra5 Ra7 34.
Kf2 Kf8 35. Ke3 Ke7 36. Kd4 Kd6 37. Rb1 Rxc5 38. Rxc5 Rxa6 39. Rb7 Ke6 40. Rcc7
Ra2 41. Rb6+ Kf5 42. Rxf7+ Kg5 43. Rxg7+ Kh5 44. Rxh7+ Kg5 45. Rg7+ Kh5 46. g4+ 1-0

[Event "European Rapid 2021"]
[Site "Katowice POL"]
[Date "2021.12.18"]
[Round "4.47"]
[White "Milanowski, Jan"]
[Black "Bernadskiy, Vitaliy"]
[Result "0-1"]
[BlackTitle "GM"]
[WhiteElo "1730"]
[BlackElo "2599"]
[WhiteFideId "1109758"]
[BlackFideId "14100371"]
[EventDate "2021.12.18"]

1. d4 Nf6 2. Nf3 g6 3. Bf4 Bg7 4. c3 O-O 5. h3 d6 6. e3 c5 7. Nbd2 Be6 8. Be2
Qb6 9. Qc1 cxd4 10. exd4 Nc6 11. Bc4 Bxc4 12. Nxc4 Qa6 13. Nfd2 b5 14. Ne3 b4
15. d5 bxc3 16. bxc3 Nh5 17. Bxd6 exd6 18. dxc6 Nf4 0-1

[Event "European Rapid 2021"]
[Site "Katowice POL"]
[Date "2021.12.18"]
[Round "4.52"]
[White "Koubova, Anna Marie"]
[Black "Skawinski, Arkadiusz"]
[Result "0-1"]
[BlackTitle "FM"]
[WhiteElo "2148"]
[BlackElo "2366"]
[WhiteFideId "381470"]
[BlackFideId "1126415"]
[EventDate "2021.12.18"]

1. d4 d5 2. c4 e6 3. Nc3 c6 4. e4 dxe4 5. Nxe4 Bb4+ 6. Nc3 c5 7. Be3 Nf6 8. a3
Ba5 9. Ne2 Nc6 10. dxc5 Qe7 11. b4 Bc7 12. Nd4 O-O 13. Nxc6 bxc6 14. Be2 e5 15.
O-O e4 16. Qc2 Re8 17. Bd4 Bf5 18. Qa4 Rad8 19. Bxf6 Qxf6 20. Rac1 Bf4 21. Qxa7
Bxc1 22. Rxc1 Ra8 23. Qc7 Rxa3 24. Nd1 Ra2 25. Bf1 h5 26. b5 Rc8 27. Qf4 Bg6 28.
Qxf6 gxf6 29. Ne3 f5 30. g3 Kg7 31. Bh3 Kf6 32. b6 Ra5 33. Rd1 Rxc5 34. Rd6+ Ke7
35. Rd4 Rb8 0-1

[Event "European Rapid 2021"]
[Site "Katowice POL"]
[Date "2021.12.18"]
[Round "5.1"]
[White "Motylev, Alexander"]
[Black "Krasenkow, Michal"]
[Result "0-1"]
[WhiteTitle "GM"]
[BlackTitle "GM"]
[WhiteElo "2633"]
[BlackElo "2576"]
[WhiteFideId "4121830"]
[BlackFideId "1113100"]
[EventDate "2021.12.18"]

1. e4 g6 2. d4 Bg7 3. Nc3 c6 4. f4 d5 5. e5 Qb6 6. h3 Nh6 7. Nf3 Nf5 8. Kf2 h5
9. g3 f6 10. Bd3 fxe5 11. fxe5 O-O 12. Kg2 Na6 13. a3 h4 14. g4 Nxd4 15. Na4 Qa5
16. Nxd4 Qxa4 17. Bxg6 Bxe5 18. Nf3 Bg7 19. Re1 Bxg4 20. Rf1 Bf5 21. Bxf5 Rxf5
22. Qe2 e5 23. b3 Qb5 24. Qxb5 cxb5 25. Nxh4 Rxf1 26. Kxf1 e4 27. Ra2 Rf8+ 28.
Ke2 Nc5 29. Ng6 Rf7 30. Bd2 d4 31. a4 d3+ 32. Ke1 dxc2 33. Rxc2 Nxb3 34. axb5
Nd4 35. Rc5 Nf3+ 36. Ke2 Kh7 37. Nh4 Nxd2 38. Kxd2 Bd4 39. Rc4 Rd7 40. Ke2 e3
41. Nf5 Bb6 42. Nxe3 Re7 43. Rc3 Re5 44. Rd3 Bxe3 45. Rxe3 Rxb5 46. Kf3 a5 47.
Re4 Rb3+ 48. Kf4 b5 49. h4 a4 50. Kg5 a3 51. Re7+ Kg8 52. Ra7 b4 53. h5 Rg3+ 54.
Kf6 Rg1 55. Ra8+ Kh7 56. Ra7+ Kh6 57. Ra8 Rf1+ 58. Ke5 b3 0-1

[Event "European Rapid 2021"]
[Site "Katowice POL"]
[Date "2021.12.18"]
[Round "5.2"]
[White "Mirzoev, Emil"]
[Black "Balog, Imre"]
[Result "1-0"]
[WhiteTitle "GM"]
[BlackTitle "GM"]
[WhiteElo "2474"]
[BlackElo "2577"]
[WhiteFideId "14108640"]
[BlackFideId "728446"]
[EventDate "2021.12.18"]

1. c4 Nf6 2. Nc3 g6 3. e4 d6 4. d4 Bg7 5. h3 O-O 6. Be3 c5 7. d5 e6 8. Nf3 Re8
9. Bd3 exd5 10. cxd5 c4 11. Bc2 b5 12. a3 Nbd7 13. O-O a6 14. Re1 Bb7 15. Qd2
Rc8 16. Rad1 Nc5 17. Bd4 Nfd7 18. Bxg7 Kxg7 19. Re3 Qf6 20. Rf1 Kg8 21. Nh2 Qf4
22. g3 Qh6 23. f4 Qxh3 24. g4 Qh6 25. g5 Qg7 26. Ng4 f6 27. e5 fxg5 28. fxg5
Rxe5 29. Ref3 Qe7 30. Nh6+ Kh8 31. Nf7+ Kg7 32. Rh3 Nf8 33. Nxe5 Qxe5 34. Re1
Nfd7 35. Rxe5 Nxe5 36. Ne4 Rf8 37. Qh2 Nf3+ 38. Rxf3 Rxf3 39. Nxc5 dxc5 40. Qe5+ 1-0

[Event "European Rapid 2021"]
[Site "Katowice POL"]
[Date "2021.12.18"]
[Round "5.11"]
[White "Wisniewski, Michal"]
[Black "Kovalenko, Igor"]
[Result "0-1"]
[WhiteTitle "FM"]
[BlackTitle "GM"]
[WhiteElo "2103"]
[BlackElo "2668"]
[WhiteFideId "1159682"]
[BlackFideId "14117908"]
[EventDate "2021.12.18"]

1. Nf3 Nf6 2. c4 b6 3. g3 Bb7 4. Bg2 g6 5. b3 Bg7 6. Bb2 d6 7. O-O O-O 8. d4
Nbd7 9. Nbd2 Rb8 10. Qc2 c5 11. e4 cxd4 12. Nxd4 a6 13. Rfe1 Qc7 14. Rac1 Rfc8
15. Qd3 Nc5 16. Qe2 e5 17. Nc2 b5 18. f3 b4 19. Bh3 Rf8 20. Ne3 a5 21. a3 h5 22.
Ra1 Bc6 23. Bf1 h4 24. Nd5 Qd8 25. Qe3 Nh5 26. Kf2 f5 27. axb4 axb4 28. Ra7 Bxd5
29. cxd5 hxg3+ 30. hxg3 f4 31. gxf4 Nxf4 0-1

[Event "European Rapid 2021"]
[Site "Katowice POL"]
[Date "2021.12.18"]
[Round "5.22"]
[White "Brzezinski, Mateusz"]
[Black "Demchenko, Anton"]
[Result "0-1"]
[BlackTitle "GM"]
[WhiteElo "2187"]
[BlackElo "2654"]
[WhiteFideId "1177117"]
[BlackFideId "4160258"]
[EventDate "2021.12.18"]

1. d4 Nf6 2. c4 g6 3. Nc3 Bg7 4. e4 d6 5. Be2 Nbd7 6. Bg5 e5 7. Nf3 h6 8. dxe5
hxg5 9. exf6 Bxf6 10. Qd2 g4 11. Nd4 Nc5 12. Rd1 c6 13. Nc2 Be5 14. g3 Qf6 15.
O-O g5 16. f3 Qh6 17. Rf2 Bxg3 18. Rg2 Bxh2+ 19. Kf1 Bf4 20. Qd4 gxf3 21. Bxf3
Bh3 22. Ne2 Be5 23. Qe3 Qf6 24. Kg1 Bxg2 25. Bxg2 Bh2+ 0-1

[Event "European Rapid 2021"]
[Site "Katowice POL"]
[Date "2021.12.18"]
[Round "5.32"]
[White "Szczurek, Krzysztof"]
[Black "Balacek, Tadeas"]
[Result "1/2-1/2"]
[WhiteTitle "FM"]
[BlackTitle "CM"]
[WhiteElo "2090"]
[BlackElo "2367"]
[WhiteFideId "1185489"]
[BlackFideId "327646"]
[EventDate "2021.12.18"]

1. d4 Nf6 2. Nc3 d5 3. Bf4 c5 4. e3 cxd4 5. exd4 a6 6. Nf3 Nc6 7. Be2 Bg4 8. O-O
e6 9. a3 Bd6 10. Ne5 Bxe2 11. Nxe2 Bxe5 12. Bxe5 O-O 13. Bf4 Rc8 14. Qd3 Ne4 15.
f3 Nd6 16. b3 b5 17. Kh1 Qe7 18. c3 Rfd8 19. a4 Qb7 20. axb5 axb5 21. Ra2 Nf5
22. g4 Nfe7 23. Bd2 b4 24. cxb4 Nxb4 25. Bxb4 Qxb4 26. Ra4 Qb7 27. Rfa1 Nc6 28.
Qc3 Ra8 29. Rxa8 Rxa8 30. Rxa8+ Qxa8 31. Kg2 Qb7 32. Kf2 Qb6 33. f4 h6 34. Ke3
g6 35. Nc1 e5 36. fxe5 Nxe5 37. Kd2 Nc6 38. Ne2 Qa6 39. Ke3 Qb7 1/2-1/2

[Event "European Rapid 2021"]
[Site "Katowice POL"]
[Date "2021.12.18"]
[Round "5.34"]
[White "Woloch, Oskar"]
[Black "Kozak, Antoni"]
[Result "0-1"]
[WhiteElo "2117"]
[BlackElo "2356"]
[WhiteFideId "1192116"]
[BlackFideId "21832030"]
[EventDate "2021.12.18"]

1. d4 d5 2. c4 e6 3. Nf3 Nf6 4. g3 dxc4 5. Bg2 Bb4+ 6. Bd2 a5 7. Qc2 Bxd2+ 8.
Nbxd2 b5 9. a4 c6 10. O-O O-O 11. b3 cxb3 12. Nxb3 Ba6 13. Nc5 bxa4 14. Nxa6
Rxa6 15. Rfc1 Qd6 16. Rxa4 Nbd7 17. e4 Qc7 18. Rc4 Rc8 19. d5 exd5 20. exd5 c5
21. Bh3 h6 22. Nh4 Re8 23. Rd1 Qe5 24. Nf5 h5 25. d6 Kf8 26. Qd3 Rb6 27. Ne7 g6
28. Bxd7 Nxd7 29. Re4 Qxd6 30. Qxd6 Rxd6 31. Rxd6 Rxe7 32. Rxe7 Kxe7 33. Ra6 Nf8
34. Kf1 Ne6 35. Ke2 Kf6 36. Rxa5 Ke5 37. Ke3 Kf5 38. Ra7 f6 39. f3 Nd4 40. Rc7
Ne6 41. Rc8 Ke5 42. Rg8 Kf5 43. Rc8 Ke5 44. Kd3 h4 45. gxh4 Kf4 46. Rc6 Ke5 47.
Ke3 Kf5 48. Rc8 Ke5 49. Rh8 Nf4 50. Rc8 Ng2+ 51. Kf2 Nxh4 52. Rxc5+ Kf4 53. Rc4+
Kg5 54. Rg4+ Kh5 55. Ke3 g5 56. Ra4 Kg6 57. Rb4 Ng2+ 58. Ke4 Nf4 59. Rb6 Nh3 60.
Rd6 Nf2+ 61. Ke3 Nh3 62. Rd8 Kf5 63. Rh8 Nf4 64. Rd8 Ng2+ 65. Kf2 Nf4 66. Re8
Nh3+ 67. Kg3 Nf4 68. Re4 Nh5+ 69. Kf2 Nf4 70. Ke3 Ng2+ 71. Kd4 Nh4 72. Ke3 Ng2+
73. Kf2 Nf4 74. Ra4 Kg6 75. Rxf4 gxf4 76. Ke2 Kg5 77. Kd3 Kh4 78. Ke4 Kh3 79.
Kxf4 Kxh2 80. Kg4 Kg2 81. f4 Kf2 82. f5 Ke3 83. Kh5 Kf4 84. Kg6 Ke5 85. Kh5 Kxf5
86. Kh4 Kf4 87. Kh3 Kf3 88. Kh2 Kf2 0-1

[Event "European Rapid 2021"]
[Site "Katowice POL"]
[Date "2021.12.18"]
[Round "5.36"]
[White "Kowalski, Igor"]
[Black "Smieszek, Wojciech"]
[Result "1-0"]
[WhiteTitle "IM"]
[WhiteElo "2370"]
[BlackElo "2094"]
[WhiteFideId "1172468"]
[BlackFideId "1156047"]
[EventDate "2021.12.18"]

1. d4 Nf6 2. Nf3 c5 3. d5 e6 4. c4 exd5 5. cxd5 d6 6. Nc3 g6 7. e4 Bg7 8. Be2
O-O 9. Nd2 Nbd7 10. O-O Re8 11. a4 a6 12. f4 c4 13. Bxc4 Nc5 14. Re1 Bg4 15. Qc2
Nh5 16. Nf1 Rc8 17. h3 Bd7 18. a5 Qh4 19. Be3 Nxf4 20. Rad1 Be5 21. Qf2 Qh6 22.
Qf3 g5 23. Ng3 Qf6 24. Rf1 Qg7 25. Bxf4 gxf4 26. Nh5 Qg6 27. Nxf4 Bxf4 28. Qxf4
Bxh3 29. Rd2 Nd7 30. Rf3 Bg4 31. Rg3 h5 32. Be2 Ne5 33. Bd1 Rf8 34. Rf2 f5 35.
exf5 Rxf5 36. Qxf5 Bxf5 37. Rxg6+ Bxg6 38. Rf6 Rd8 39. Be2 Kg7 40. Rf4 Rc8 41.
Rb4 Rc7 42. Rb6 Nf7 43. Kf2 Kf6 44. Ke3 Ke5 45. Rb4 Nh6 46. Kd2 Nf7 47. Rh4 Rc5
48. Bxh5 Bxh5 49. Rxh5+ Kd4 50. Rf5 Nh6 51. Rf6 Ng8 52. Rxd6 Rxa5 53. Rg6 Ne7
54. d6 Nc6 55. d7 Nd8 56. Rg4+ Kc5 57. b4+ 1-0